1964 1703 1380 1043 1556 1147 1358 1245 1850 1803 1276 1737 1605 1551 1764 1233 1757 1454 1728 1056 1724 1553 1299 1627 1612 1609 1572 1585 1653 1358 1724 1144 1528 1617 1096 1541 1877 1902 1892 1325 1960 1392 1280 1709 1113 1350 1659 1317 1092 1444 1606 1008 1077 1659 1439 1473 1919 1930 1842 1132 1707 1792 1978 1554 1041 1258 1982 1131 1177 1028 1775 1015 1366 1892 1585 1162 1507 1658 1061 1554 1208 1751 1080 1248 1672 1875 1779 1139 1836 1352 1055 1712 1467 1047 1580 1632 1414 1978 1263 BCNSPRNW ULIB Ver.6.0+V

เปลี่ยนเป็นภาษาไทย

Change to English
 แสดงรายละเอียดบรรณานุกรม
  กลับหน้าหลัก

Brief Record : Get Marc (ISO 2709) : E-mail record : QR code < ปิดหน้าต่าง
LEADER : 00000nam 2200000uu 4500
001    13399126352
003     ULIB
008    180911s2556||||th 000 0 tha d
020    ^a9789749993712
020    ^a9749993713
050 04 ^aBF713^bพ262ท
100 0  ^aพรรณทิพย์ ศิริวรรณบุศย์
245 10 ^aทฤษฎีจิตวิทยาพัฒนาการ /^cพรรณทิพย์ ศิริวรรณบุศย์
250    ^aพิมพ์ครั้งที่ 6 ฉบับปรับปรุง
260    ^aกรุงเทพฯ :^bสำนักพิมพ์แห่งจุฬาลงกรณ์มหาวิทยาลัย,^c2556.
300    ^a199 หน้า :^bภาพประกอบ ;^c26 ซม.
650  7 ^aพฤติกรรมมุษย์
650  7 ^aจิตวิทยาพัฒนาการ
945    ^p150^l0^i004587
999    ^aประนอม เกษจรัล
รายการนี้ยังไม่มีแท็ก
คุณยังไม่ได้ล็อกอิน คุณสามารถมีกิจกรรมร่วมกับเว็บไซต์ได้ แต่ต้องล็อกอินก่อน ::
  ล็อกอิน

รายการสื่อสารสนเทศ

ลำดับที่ ประเภท เลขเรียก/บาร์โค้ด สถานที่ สถานะ
1. การศึกษาทั่วไป
หนังสือสำรอง
สถานะ=หนังสือสำรอง
BF713 พ262ท ฉ.1 
  Barcode: 004587
ห้องสมุดวิทยาเขตสวรรค์ประชารักษ์
►หนังสือทั่วไป
บนชั้น

รายการใกล้เคียง
    ผู้แต่ง [พรรณทิพย์ ศิริวรรณบุศย์]

    หัวเรื่อง [พฤติกรรมมุษย์]
    หัวเรื่อง [จิตวิทยาพัฒนาการ]

BibComment


ยังไม่เคยถูกคอมเมนท์

คอมเมนท์ทรัพยากรรายการนี้
  คอมเมนท์: ทฤษฎีจิตวิทยาพัฒ..


 Copyright 2026. Bcnsprnw @Library